000 00699cam a22002172 4500
001 0000025232
005 20151217145954.0
008 150325s xx 000 0 eng d
020 _a0966001206 :
040 _aKABU
_cKABU
100 1 _aPriddy, Eugene.
_@0000185713
245 1 0 _aHow not to get burned! :
_bbasic bible truth made clear /
_cby Eugene Priddy.
250 _a1st rev. ed.
260 _aOdessa, USA :
_bBible Basics International,
_c1997.
300 _avi, 281 p.
650 0 _aBible
_xCriticism, interpretation, etc.
_@0000149025
650 0 _aChristianity
_xmiscellanea.
_@0000185714
908 _a150325
950 _@1
999 _c4643
_d4643